| 000 | 01210cab a22002175a 4500 | ||
|---|---|---|---|
| 001 | L142995 | ||
| 008 | 080401e20080314xxk f 000 0 eng d | ||
| 035 | _a(Sirsi) u142995 | ||
| 041 | 0 | _aeng | |
| 100 | 1 | _aEnglish, Peter | |
| 245 | 0 | 0 | _aDon't let them get away with it |
| 260 | _c2008 | ||
| 490 | 0 |
_aBuilding _v273(8519) 14 March 2008, 70(1) |
|
| 520 | _aDiscusses implications of the recent landmark case, "Southern Glass Services v Barratt Homes Southampton" (2008, unreported), in which an adjudicator ruled that Barratt had 'improperly withheld' cash in discounts that it had deducted but was not entitled to. Suggests that this decision could entitle other subcontractors to recover discounts and other illegal deductions. Provides advice for subcontractors to prevent them losing money in a similar way to Southern Glass. | ||
| 590 | _aKA | ||
| 650 | 2 | 4 | _aSOUTHERN GLASS SERVICES V BARRATT HOMES SOUTHAMPTON |
| 651 | 4 |
_aGreat Britain _y1707- |
|
| 690 | _aMANAGEMENT-DISPUTE AVOIDANCE, MANAGEMENT AND RESOLUTION-DISPUTE MANAGEMENT AND RESOLUTION-ALTERNATIVE DISPUTE RESOLUTION-ADJUDICATION | ||
| 690 | _aBUILT ENVIRONMENT-CONSTRUCTION MANAGEMENT-BUILDING CONTRACT ADMINISTRATION | ||
| 942 | _n0 | ||
| 999 |
_c80003 _d80003 |
||